Možnosti riešenia digitalizácie - počítačového spracovania kultúrneho dedičstva nahromadeného v knihách, učebniciach a tlačených publikáciach : Diplomová práca
Gespeichert in:
| 1. Verfasser: | |
|---|---|
| Weitere Verfasser: | |
| Format: | Manuskript Buch |
| Sprache: | Slowakisch |
| Veröffentlicht: |
Trnava :
STU v Bratislave MTF UIPH,
2011
|
| Schlagworte: | |
| Online-Zugang: | VAIS |
| Tags: |
Keine Tags, Fügen Sie das erste Tag hinzu!
|
MARC
| LEADER | 00000ntm a22000003a 4500 | ||
|---|---|---|---|
| 001 | stu227289 | ||
| 005 | 20160719160604.8 | ||
| 008 | 110616s2011----xo------------------slo-d | ||
| 040 | |a STU |b slo | ||
| 041 | 0 | |a slo | |
| 044 | |a xo | ||
| 100 | 1 | |a Kyselicová, Zuzana, |d 1967- |4 aut |X 67127 |7 A000067127 | |
| 242 | 0 | 0 | |a Possibilities of solution of digitizing – computer processing of cultural heritage accumulated in books, textbooks and printed publications |y eng |
| 245 | 1 | |a Možnosti riešenia digitalizácie - počítačového spracovania kultúrneho dedičstva nahromadeného v knihách, učebniciach a tlačených publikáciach : |b Diplomová práca | |
| 260 | |a Trnava : |b STU v Bratislave MTF UIPH, |c 2011 | ||
| 300 | |a 70 s., CD-ROM | ||
| 650 | 7 | |a cultural heritage |2 estusub | |
| 650 | 7 | |a digitalizácia |2 stusub | |
| 650 | 7 | |a učiteľstvo technických profesijných predmetov |2 stusub | |
| 650 | 7 | |a Teaching Specific Engineering Subjects |2 estusub | |
| 700 | 1 | |a Svetský, Štefan, |d 1951- |4 ths |u M250 |T MTF Detašované pracovisko v Dubnici nad Váhom |X 3470 |U M250 |Y M250 |7 A000003470 | |
| 856 | 4 | |a info a plný text |u http://is.stuba.sk/zp/portal_zp.pl?podrobnosti=67689 |3 VAIS | |
| 996 | |c M*DP-10292 |l MMSKP |s P |a 0 |w stu227289_0001 | ||